000 00630nam a22001577a 4500
008 170308b xxu||||| |||| 00| 0 eng d
082 _22016
_aUT 0684
_bL11
100 _919110
_aLabajo, Xenia Claire M.
245 _aClients Preference and Profitability Analysis on Car Wash In Digos City.
_cXenia Claire M. Labajo, Emmylou E. Vergara and Kint Joy E. Pecundo.
300 _a50 pages;
_b29 cm.
650 0 _919111
_aBusiness Administration
_vFinancial Management
_xUndergraduate Thesis.
700 _919112
_aLabajo, Xenia Claire M.
700 _919113
_aVergara, Emmylou E.
700 _919114
_aPecundo, Kint Joy E.
942 _2ddc
_cUT
999 _c6358
_d6358